01169 2200205 4500001002100000005001500021035002000036008004100056245005000097100001500147250000600162260003800168300001200206084001400218082000800232650001000240520068900250990001200939990001200951INLIS00000000000086320240607073931 a0010-0524000098240607 1 ind 1 aLintang ; Sebuah Kumpulan Cerpen /cAveus Har aHar, Aveus a1 aYogyakarta :bSheila/ Andi,c2007 a162 hlm a813 AVE l a813 4aFiksi aMarsha suka memandangi cowok itu dari kejauhan. Suka salah tingkah jika ia memergokinya, lalu Marsha buru-buru membuang muka. Dadanya berdebur seperti ombak yang berkejar-kejaran. "Kamu jatuh cinta sama Dido," kata Viena. Marsha tergeragap. Dan Viena tertawa karena yakin tebakannya tepat. "Kenapa tidak kau minta jadi pacarmu?" "Aku nggak mau. Malu." "Kau tak bakalan dapat pacar kalau tidak berani mendekati cowok." "Tapi " "Dekati saja dia. Ikutlah bernyanyi bersamanya " Perlu waktu tujuh hari untuk mengumpulkan keberanian. Dan Marsha menemukan Dido di sana. Tapi tidak sendiri! Seorang gadis manis berlesung pipi duduk bersandar di punggung Dido dan melagukan sebuah lagu cinta  a0741326 a0741327